01014nam a2200229 a 450000100100000000500170001000800410002702000150006804000250008304100180010810000430012624501570016924600230032624600260034926001480037530000330052370000480055671000490060404900090065395201050066299900170076700002911620200930055337.0110413s2003 dr 000 0 spa d a9993423513 aDO-SdBNPbspacBNPHU17aspa2engbfre1 aFeris Iglesias, César Iván.95602210aPatrimonio dominicano =bDominican heritage = Patrimoine Dominicain /cCésar Iván Feris Iglesias ; fotografías José Augusto Mejía Rodríguez.11aDominican heritage11aPatrimoine Dominicain aSanto Domingo :bDespacho de la Primera Dama :bSecretaría de Estado de Cultura :bPrograma de las Naciones Unidas para el Desarrollo,c2003. a178 p. :bcol. il. ;c31 cm.1 aMejía Rodríguez, José Augusto.9560232 aUnited Nations Development Programme.956024 aBNPD 0010718PDaPDbPDcCTd2011-04-13iLF1l0o p29116-10r2020-06-25w2020-06-25yLFPDZNo se presta c28608d28608